000 00574nam a22001937a 4500
003 OSt
005 20150327181438.0
008 150224b xxu||||| |||| 00| 0 eng d
040 _cBMC
082 _a808.0687284
100 1 _aPeralta Lagos, José María
_d1873-1944
_931155
245 1 0 _aBrochazos
_cJosé María Peralta Lagos
250 _a3ª ed
260 _aSan Salvador
_bMinisterio de Educación, Dirección de Publicaciones
_c1975
300 _a195 p., 1 h.
_c18 cm
490 _aBiblioteca Popular
_v29
650 2 4 _929639
_aCuentos salvadoreños
942 _2ddc
_cBK
999 _c18898
_d18898